| 000 | 00819 a2200157 4500 | ||
|---|---|---|---|
| 003 | Nust | ||
| 005 | 20170207154215.0 | ||
| 040 | _cNust | ||
| 082 | _a621.385 | ||
| 100 | _aArthur Lemuel Albert | ||
| 245 |
_aFundamentals of Telephony _cArthur Lemuel Albert |
||
| 260 |
_alondon _bMc Graw - Hill _c1943 |
||
| 300 | _a374p; | ||
| 505 | _aDirect Current Theory (Page-1), Alternating Current Theory (Page-30), Electric Networks (Page-57), Sound, Speech and Hearing (Page-93), Telephone Transmitters (Page-111), Telephone Receivers (Page-127), Telephone Sets (Page-139),Manual Telephone Systems (Page-193), Transmission Over Circuits With Lumped Constants (Page-262), Measurements in Telephony (Page-286), Inductive Interference (Page-314), Telephone Repeaters and Carrier Systems (Page-332 | ||
| 538 | _aAlmirah No.134 Shelf No.1 | ||
| 942 |
_2ddc _cBK |
||
| 999 |
_c195041 _d195041 |
||